[Event "Curitiba op"]
[Site "Curitiba"]
[Date "2023.03.31"]
[Round "1"]
[White "Bezerra, Wiltemberg Barros"]
[Black "Santana, Expedito"]
[Result "1-0"]
[WhiteElo "1825"]
[BlackElo "1404"]
[PlyCount "29"]
[EventDate "2023.03.31"]
[EventType "swiss"]
[EventRounds "5"]
[EventCountry "BRA"]
[SourceTitle "EXT 2024"]
[Source "ChessBase"]
[SourceDate "2023.10.10"]
[SourceVersion "1"]
[SourceVersionDate "2023.10.10"]
[SourceQuality "1"]

1. Nf3 d5 2. g3 Bf5 3. Bg2 Nf6 4. 0-0 e6 5. d3 h6 6. Nbd2 Bd6 7. Re1 0-0 8. e4 dxe4 9. dxe4 Nxe4 10. Nxe4 Bb4 11. Qxd8 Rxd8 12. c3 Bxe4 13. Rxe4 Rd1+ 14. Re1 Rxe1+ 15. Nxe1 1-0

[Event "Florianopolis op 9th"]
[Site "Florianopolis"]
[Date "2023.01.26"]
[Round "5"]
[White "Calcada, Henrique Galvan"]
[Black "Bezerra, Wiltemberg Barros"]
[Result "0-1"]
[WhiteElo "1469"]
[BlackElo "1786"]
[PlyCount "112"]
[EventDate "2023.01.23"]
[EventType "swiss"]
[EventRounds "10"]
[EventCountry "BRA"]
[SourceTitle "CBM 212 Extra"]
[Source "ChessBase"]
[SourceDate "2023.03.31"]
[SourceVersion "1"]
[SourceVersionDate "2023.03.31"]
[SourceQuality "1"]

1. Nf3 g6 2. c4 Bg7 3. d4 d6 4. Bf4 Nf6 5. e3 0-0 6. Nc3 Nbd7 7. Be2 Re8 8. h3 h6 9. 0-0 Nh7 10. Qc2 e5 11. Bh2 c6 12. Rad1 Qe7 13. d5 c5 14. e4 Ndf8 15. Nd2 f5 16. Bd3 f4 17. Kh1 g5 18. Be2 Nf6 19. Rg1 Ng6 20. Rdf1 h5 21. g4 hxg4 22. hxg4 Kf7 23. f3 Rh8 24. Rf2 Nh4 25. Rgg2 Nxg2 26. Rxg2 Bd7 27. Kg1 Rh4 28. Kf2 Rah8 29. Nf1 Bf8 30. Ke1 Qd8 31. Kd2 Qc8 32. Qd1 Be7 33. Kc2 a6 34. a4 Bd8 35. b3 Ba5 36. Bg1 Qc7 37. Qa1 Rb8 38. Bf2 Rh1 39. Rh2 Rxh2 40. Nxh2 b5 41. axb5 axb5 42. Qa2 Ra8 43. Qb2 Bxc3 44. Kxc3 b4+ 45. Kd3 Ra3 46. Nf1 Qa5 47. Nd2 Bc8 48. Bd1 Nd7 49. Bc2 Nb6 50. Ke2 Qa8 51. Bd1 Kf6 52. Qc1 Ba6 53. Bc2 Qa7 54. Qf1 Rxb3 55. Nxb3 Bxc4+ 56. Bd3 Bxb3 0-1

[Event "Florianopolis op 9th"]
[Site "Florianopolis"]
[Date "2023.01.24"]
[Round "2"]
[White "Bezerra, Wiltemberg Barros"]
[Black "Heredia Serrano, Carla Sofia"]
[Result "0-1"]
[WhiteElo "1786"]
[BlackElo "2093"]
[PlyCount "120"]
[EventDate "2023.01.23"]
[EventType "swiss"]
[EventRounds "10"]
[EventCountry "BRA"]
[SourceTitle "CBM 212 Extra"]
[Source "ChessBase"]
[SourceDate "2023.03.31"]
[SourceVersion "1"]
[SourceVersionDate "2023.03.31"]
[SourceQuality "1"]

1. Nf3 d5 2. g3 Bg4 3. Bg2 c6 4. 0-0 Nd7 5. d3 e6 6. Nbd2 Bc5 7. e4 Ne7 8. Re1 Qc7 9. Nb3 dxe4 10. Rxe4 Bf5 11. Bf4 Bd6 12. Bxd6 Qxd6 13. Re1 0-0 14. Nh4 Nb6 15. Qf3 Rfd8 16. Na5 Qc7 17. b3 Rd5 18. b4 Rad8 19. Qe2 Rd4 20. a3 Bg4 21. f3 Bf5 22. f4 R4d7 23. g4 Qxf4 24. gxf5 Qxh4 25. fxe6 fxe6 26. Qxe6+ Kh8 27. Rf1 Nbd5 28. Nc4 Nf4 29. Rxf4 Qxf4 30. Rf1 Qd4+ 31. Kh1 Ng6 32. Be4 Re7 33. Qf5 Qd7 34. Qh5 Rxe4 35. dxe4 Qe6 36. Ne3 Qxe4+ 37. Qf3 Qxf3+ 38. Rxf3 Ne5 39. Rf5 Re8 40. Kg2 g6 41. Rf2 Kg7 42. Kg3 h5 43. h4 Re7 44. Re2 Rf7 45. Rf2 Rxf2 46. Kxf2 Kf6 47. Kg3 g5 48. Ng2 Nc4 49. a4 Nb6 50. hxg5+ Kxg5 51. Nf4 h4+ 52. Kf3 Nd5 53. Ne6+ Kf5 54. Nd8 Nxb4 55. Nxb7 Nxc2 56. Nd6+ Ke5 57. Nc8 a6 58. Nb6 c5 59. Kg4 Kd4 60. Kxh4 Ne3 0-1

[Event "Florianopolis op 9th"]
[Site "Florianopolis"]
[Date "2023.01.24"]
[Round "3"]
[White "Do Amaral e Silva, Larissa Blue"]
[Black "Bezerra, Wiltemberg Barros"]
[Result "0-1"]
[WhiteElo "1378"]
[BlackElo "1786"]
[PlyCount "56"]
[EventDate "2023.01.23"]
[EventType "swiss"]
[EventRounds "10"]
[EventCountry "BRA"]
[SourceTitle "CBM 212 Extra"]
[Source "ChessBase"]
[SourceDate "2023.03.31"]
[SourceVersion "1"]
[SourceVersionDate "2023.03.31"]
[SourceQuality "1"]

1. e4 Nf6 2. Bc4 d6 3. d4 Nc6 4. Be3 e5 5. d5 Ne7 6. Nc3 g6 7. Nf3 Bg7 8. 0-0 0-0 9. h3 h6 10. Qd2 Kh7 11. Ne1 g5 12. Be2 Ng6 13. f3 Nf4 14. Kh2 Qd7 15. g4 h5 16. Rg1 Rh8 17. Bxf4 gxf4 18. Ng2 hxg4 19. fxg4 Kg8 20. Nxf4 exf4 21. Qxf4 Nh7 22. Raf1 Be5 23. Rg3 Bxf4 24. Rxf4 Qe7 25. Bf3 Ng5 26. Kg1 Qe5 27. Ne2 Bd7 28. c3 Kg7 0-1

[Event "Florianopolis op 9th"]
[Site "Florianopolis"]
[Date "2023.01.23"]
[Round "1"]
[White "Silver, Fernanda Luise"]
[Black "Bezerra, Wiltemberg Barros"]
[Result "0-1"]
[WhiteElo "1800"]
[BlackElo "1786"]
[PlyCount "46"]
[EventDate "2023.01.23"]
[EventType "swiss"]
[EventRounds "10"]
[EventCountry "BRA"]
[SourceTitle "CBM 212 Extra"]
[Source "ChessBase"]
[SourceDate "2023.03.31"]
[SourceVersion "1"]
[SourceVersionDate "2023.03.31"]
[SourceQuality "1"]

1. e4 Nf6 2. e5 Nd5 3. Nf3 d6 4. c4 Nb6 5. Be2 Nc6 6. d4 Bg4 7. Nbd2 e6 8. 0-0 Be7 9. h3 Bh5 10. a4 a5 11. b3 0-0 12. exd6 cxd6 13. Ne4 Bg6 14. Nc3 Nb4 15. Ne1 d5 16. c5 Nc8 17. Bf4 b6 18. Be3 Bf6 19. Rc1 bxc5 20. Nf3 cxd4 21. Nxd4 e5 22. Nxd5 Nxd5 23. Nc6 Nxe3 0-1